AH International Schools' Libraries

The Angel and the Sword/ (Record no. 43603)

MARC details
000 -LEADER
fixed length control field 00852nam a22001577a 4500
008 - FIXED-LENGTH DATA ELEMENTS--GENERAL INFORMATION
fixed length control field 220302b |||||||| |||| 00| 0 eng d
020 ## - INTERNATIONAL STANDARD BOOK NUMBER
International Standard Book Number 9780736902939
100 ## - MAIN ENTRY--PERSONAL NAME
Personal name Brovwer, Sigmund.
9 (RLIN) 81482
245 ## - TITLE STATEMENT
Title The Angel and the Sword/
Statement of responsibility, etc Sigmund Brovwer.
260 ## - PUBLICATION, DISTRIBUTION, ETC. (IMPRINT)
Place of publication, distribution, etc Eugene, Oregon:
Name of publisher, distributor, etc Harvest House Publishers,
Date of publication, distribution, etc 2005.
300 ## - PHYSICAL DESCRIPTION
Extent 172 p. ;
Dimensions 21cm.
520 ## - SUMMARY, ETC.
Summary, etc In 1351, Raphael, a jester at the papal court in Avignon, France, is falsely accused of trying to kill the reigning Pope Clement VI and, with the help of his guardian angel, must decide whether to trust a beautiful English girl who may or may not be part of the assassination plot.
650 ## - SUBJECT ADDED ENTRY--TOPICAL TERM
Topical term or geographic name as entry element Clement VI Pope, approximately 1291-1352. Guardian Angels. Fools and Jesters.
Form subdivision Fiction.
General subdivision Juvenile Fiction.
Geographic subdivision France.
9 (RLIN) 81483
655 ## - INDEX TERM--GENRE/FORM
Genre/form data or focus term Fantasy. Christian Fiction.
9 (RLIN) 83917
942 ## - ADDED ENTRY ELEMENTS (KOHA)
Source of classification or shelving scheme
Koha item type Book
Holdings
Withdrawn status Lost status Source of classification or shelving scheme Damaged status Not for loan Collection code Home library Current library Date acquired Total Checkouts Full call number Barcode Date last seen Price effective from Koha item type
          Siem Reap Asian Hope Secondary Library Asian Hope Secondary Library 03/02/2022   J FIC BRO 199964 01/16/2026 03/02/2022 Book

For any Logos Library related questions please contact Miss Art at swongnarasuk@asianhope.org.

For any Asian Hope Library related questions please contact Miss Raza at graza@asianhope.org.

Powered by Koha